The Development of national library and information services : (Record no. 9859)

MARC details
000 -LEADER
fixed length control field 01069nam a2200313 4500
001 - CONTROL NUMBER
control field 1873940
003 - CONTROL NUMBER IDENTIFIER
control field 000
005 - DATE AND TIME OF LATEST TRANSACTION
control field 20150610075954.0
008 - FIXED-LENGTH DATA ELEMENTS--GENERAL INFORMATION
fixed length control field 000
010 ## - LIBRARY OF CONGRESS CONTROL NUMBER
LC control number 82240549
020 ## - INTERNATIONAL STANDARD BOOK NUMBER
International Standard Book Number 085365784X (pbk.) :
Terms of availability £12.50
040 ## - CATALOGING SOURCE
Original cataloging agency UOEL
Transcribing agency DLC
Modifying agency DLC
050 00 - LIBRARY OF CONGRESS CALL NUMBER
Classification number Z673.L74
Item number D48 1983
082 00 - DEWEY DECIMAL CLASSIFICATION NUMBER
Classification number 027.5
Edition number 19
245 04 - TITLE STATEMENT
Title The Development of national library and information services :
Remainder of title papers given at the first Library Association International Workshop, London, 1981 /
Statement of responsibility, etc. edited by Edward Dudley.
260 ## - PUBLICATION, DISTRIBUTION, ETC. (IMPRINT)
Place of publication, distribution, etc. London :
Name of publisher, distributor, etc. The Association,
Date of publication, distribution, etc. 1983.
300 ## - PHYSICAL DESCRIPTION
Extent xii, 202 p. ;
Dimensions 21 cm.
504 ## - BIBLIOGRAPHY, ETC. NOTE
Bibliography, etc Includes bibliographical references.
600 ## - SUBJECT ADDED ENTRY--PERSONAL NAME
General subdivision Books industries and trade
650 #0 - SUBJECT ADDED ENTRY--TOPICAL TERM
Topical term or geographic name as entry element Library science
General subdivision Congresses.
Topical term or geographic name as entry element National Libraries
General subdivision Congresses.
Topical term or geographic name as entry element Information services
General subdivision Congresses.
Topical term or geographic name as entry element Information policy
General subdivision Congresses.
Topical term or geographic name as entry element Libraries and education
General subdivision Congresses.
700 1# - ADDED ENTRY--PERSONAL NAME
Personal name Dudley, Edward.
710 2# - ADDED ENTRY--CORPORATE NAME
Corporate name or jurisdiction name as entry element Library Association.
906 ## - LOCAL DATA ELEMENT F, LDF (RLIN)
a 7
b cbc
c orignew
d 2
e ncip
f 19
g y-gencatlg
942 ## - ADDED ENTRY ELEMENTS (KOHA)
Source of classification or shelving scheme Library of Congress Classification
Koha item type Loan - Normal on open shelf
Holdings
Withdrawn status Lost status Source of classification or shelving scheme Damaged status Not for loan Home library Current library Shelving location Date acquired Total Checkouts Full call number Barcode Date last seen Copy number Price effective from Koha item type
    Library of Congress Classification     UOE Main Library UOE Main Library Open shelf 10/06/2015   Z673.L74 D48 1983 10022068 10/06/2015 10022068 10/06/2015 Loan - Normal on open shelf